00811nam a22002057a 4500999001900000005001700019010001500036020002700051035001400078037001300092082001100105245011100116260003400227270010100261300002700362500004000389700002600429942002500455952012500480 c160696d16069620190214111310.0 aENG-124777 a9789386463005c1195.00 aEN-108309 bDBAD/PUB a230.35 aThe gospel of sri Ramakrishna and its relevance/cedited by Projit kumar Palit [and] Swami Kamalasthananda aNew DelhibKaveri Booksc2017 a4832/24, Ansari Road, DaryaganjbNew Delhie110002k011-23288740, 23245799mkaveribooks@vsnl.com axviii, 285p.c24cm(Hb) aincludes bibliographical references aKamalasthananda Swami 2ddccENh230.35mTHE 001040718NFICaDBADbAVd2019-02-08eDBAD/PUBg1195.00l0o230.35 THEpEN-108309r2019-02-08 00:00:00t1v1195.00yEN